| 000 | 00601nam a2200193Ii 4500 | ||
|---|---|---|---|
| 003 | JO-AjNU | ||
| 008 | 230605s9999||||xx |||||||||||||| ||und|| | ||
| 040 |
_aJO-AjNU _bara _erda _cJO-AjNU |
||
| 041 | _aara | ||
| 050 | 1 | 4 | _aRB127 1974 |
| 100 | 3 |
_aفياض ، نقولا, _eauthor _936491 |
|
| 245 | 0 | 0 | _aكيف تغلب الانسان على الالم |
| 264 | 3 | 1 | _aبيروت:دار العلم للملايين ، 1974 |
| 300 | _a134ص | ||
| 336 |
_atext _btxt _2rdacontent |
||
| 337 |
_aunmediated _bn _2rdamedia |
||
| 338 |
_avolume _bnc _2rdacarrier |
||
| 650 | 4 |
_aعلاج المرض _936492 |
|
| 999 |
_aA15166 _c18734 _d18734 |
||